000 01269nam a2200325 i 4500
003 DO-SdBNP
005 20240313073817.0
007 ta
008 081117e2005 dr a gr 001 0dspa d
020 _a9993429147
040 _aDO-SdBNP
_bspa
_cBNPHU
_erda
082 4 _a070.44
_bC697c, 2005
_222
100 1 _aCollado, Lipe,
_d1947-
_979819
245 1 0 _aCómo escribir artículos /
_cLipe Collado ; prólogo, Félix Reyna.
250 _a6a ed.
264 _aSanto Domingo :
_bCollado,
_c2005.
300 _a58 páginas ;
_c21 cm.
336 _2rdacontent
_atexto
_btxt
337 _2rdamedia
_asin mediación
_bn
338 _2rdacarrier
_avolumen
_bnc
500 _aIncluye datos biográficos del autor en la contracubierta.
504 _aBibliografía : p. 57
505 _aPrólogo.
_gTema I.
_tEl artículo: Definición. Orígen. Definición Género.--
_gTema II.
_tTécnica del artículo. Estructura. El artículo de cuatro partes. Deductivo. Comenzando con la posición. En Perspectiva. Extensión. Argumentos. Recomendaciones.
_tBibliografía.
590 _aInventariado, 2022 /YL
650 4 _aPeriodismo
_xArte de escribir
_927
650 4 _aArtículos de prensa
_943
700 1 _aReyna, Félix,
_eprólogo
_957
910 _aYLockward
942 _2ddc
_cLBS1
999 _c52194
_d52194